[Event "Manaus Ajax op"]
[Site "Manaus"]
[Date "2019.03.17"]
[Round "5"]
[White "Bernardino, Hugo Barros"]
[Black "De Oliveira, Victor Gabriel C"]
[Result "1/2-1/2"]
[WhiteElo "1899"]
[BlackElo "2109"]
[PlyCount "97"]
[EventDate "2019.03.16"]
[EventType "swiss"]
[EventRounds "6"]
[EventCountry "BRA"]
[SourceTitle "CBM 189 Extra"]
[Source "ChessBase"]
[SourceDate "2019.06.03"]
[SourceVersion "1"]
[SourceVersionDate "2019.06.03"]
[SourceQuality "1"]

1. e4 c5 2. c3 d6 3. d4 cxd4 4. cxd4 Nf6 5. Nc3 g6 6. Nf3 Bg7 7. Bd3 Bg4 8. Be3 0-0 9. 0-0 Nc6 10. h3 Bxf3 11. Qxf3 Nd7 12. d5 Nce5 13. Qd1 a6 14. f4 Nxd3 15. Qxd3 Rc8 16. Bd4 Bxd4+ 17. Qxd4 b5 18. a4 Rc4 19. Qe3 b4 20. Ne2 Nf6 21. Ng3 Qc7 22. Rfd1 Qa5 23. Kh2 Rfc8 24. f5 Qc5 25. Qg5 Nxe4 26. Qxe7 Qc7 27. Qh4 Nxg3 28. Qxg3 Re8 29. f6 h6 30. Re1 Re5 31. Rxe5 dxe5 32. Re1 Rf4 33. Qe3 Rxf6 34. Qxe5 Qxe5+ 35. Rxe5 Kf8 36. Re4 a5 37. Kg3 Rd6 38. Rd4 Ke7 39. Kf4 Rf6+ 40. Ke3 Kd6 41. Rd2 Rf5 42. Rc2 Rxd5 43. Rc8 Rc5 44. Ra8 h5 45. Kd4 Rg5 46. Ra6+ Kc7 47. Ra7+ Kb6 48. Rxf7 Rxg2 49. Rf6+ 1/2-1/2

[Event "Manaus Ajax op"]
[Site "Manaus"]
[Date "2019.03.16"]
[Round "3"]
[White "Bernardino, Hugo Barros"]
[Black "Simas Neto, Felipe Jairo Novo"]
[Result "1/2-1/2"]
[WhiteElo "1899"]
[BlackElo "1586"]
[PlyCount "106"]
[EventDate "2019.03.16"]
[EventType "swiss"]
[EventRounds "6"]
[EventCountry "BRA"]
[SourceTitle "CBM 189 Extra"]
[Source "ChessBase"]
[SourceDate "2019.06.03"]
[SourceVersion "1"]
[SourceVersionDate "2019.06.03"]
[SourceQuality "1"]

1. e4 e6 2. d4 d5 3. e5 c5 4. c3 Nc6 5. Nf3 Qb6 6. Bd3 Nge7 7. 0-0 Nf5 8. g4 Nfe7 9. dxc5 Qxc5 10. Be3 Qa5 11. Nbd2 Ng6 12. Bd4 Nf4 13. Nb3 Qd8 14. Bc2 h5 15. gxh5 Rxh5 16. Be3 Ng6 17. Bxg6 fxg6 18. Qd3 Kf7 19. Kh1 Nxe5 20. Nxe5+ Rxe5 21. Rg1 Qf6 22. Bd4 Qf5 23. Qd1 Re4 24. Nd2 Rh4 25. Nf3 Rh8 26. Ne5+ Kg8 27. Nxg6 Rh7 28. Qe2 Bd6 29. f4 Kf7 30. Rg5 Qxg5 31. fxg5 Rxh2+ 32. Qxh2 Bxh2 33. Nh8+ Kg8 34. Kxh2 Kxh8 35. Rf1 e5 36. Bxe5 Be6 37. g6 Kg8 38. Kg3 Rf8 39. Rh1 Rf5 40. Bb8 a6 41. Rh4 Rg5+ 42. Kf4 Rxg6 43. Ke5 Bf7 44. a4 Rb6 45. b4 Rc6 46. Rh3 g6 47. Ba7 Re6+ 48. Kf4 Re4+ 49. Kf3 Be8 50. Bd4 Bxa4 51. Rh8+ Kf7 52. Rh7+ Ke6 53. Rxb7 Bb5 1/2-1/2

[Event "Amazonense-ch"]
[Site "Manaus"]
[Date "2016.10.22"]
[Round "7.1"]
[White "Bernardino, Hugo Barros"]
[Black "Da Silva, Mikhail Zoltan Iwan"]
[Result "1-0"]
[WhiteElo "1900"]
[BlackElo "1922"]
[PlyCount "125"]
[EventDate "2016.10.15"]
[EventType "tourn"]
[EventRounds "8"]
[EventCountry "BRA"]
[SourceTitle "EXT 2022"]
[Source "ChessBase"]
[SourceDate "2021.10.06"]
[SourceVersion "1"]
[SourceVersionDate "2021.10.06"]
[SourceQuality "1"]

1. e4 c5 2. c3 d5 3. exd5 Qxd5 4. Nf3 Nf6 5. d4 Nc6 6. Be3 Bg4 7. Be2 cxd4 8. cxd4 e6 9. Nc3 Bb4 10. 0-0 Qd8 11. a3 Be7 12. h3 Bh5 13. g4 Bg6 14. Bb5 h5 15. Ne5 hxg4 16. hxg4 Qc7 17. f4 Be4 18. Nxe4 Nxe4 19. Nxc6 bxc6 20. Rc1 Nc5 21. Qf3 Rc8 22. Bxc6+ Qxc6 23. Qxc6+ Rxc6 24. dxc5 Rh3 25. Bf2 Rf3 26. Rc4 Rb3 27. Rb1 Bf6 28. Rb4 Rf3 29. Rd1 g5 30. Rb8+ Ke7 31. Rb7+ Kf8 32. Rdd7 Rxf4 33. Rxf7+ Kg8 34. b4 a6 35. Rfd7 Rxg4+ 36. Kf1 Rc8 37. c6 Rc4 38. Bc5 Be5 39. c7 Bxc7 40. Rbxc7 Rxc7 41. Rxc7 Rc1+ 42. Kf2 Ra1 43. Re7 Rxa3 44. Rxe6 Kf7 45. Re3 Ra2+ 46. Kf3 Kg6 47. Ke4 Kf6 48. Kd5 Kf5 49. Kc6 g4 50. Kb6 Kf4 51. Re8 Kf3 52. Ra8 g3 53. Rxa6 Re2 54. Ra1 g2 55. b5 Re6+ 56. Kc7 Rh6 57. b6 Rh7+ 58. Kc6 Rh6+ 59. Bd6 Kf2 60. b7 Rh8 61. b8Q Rxb8 62. Bxb8 g1Q 63. Ba7+ 1-0

[Event "Manaus Region-ch sf"]
[Site "Manaus"]
[Date "2015.10.31"]
[Round "4"]
[White "Bernardino, Hugo Barros"]
[Black "Passos Coutinho, Eduardo"]
[Result "0-1"]
[WhiteElo "1943"]
[BlackElo "1800"]
[PlyCount "46"]
[EventDate "2015.10.30"]
[EventType "swiss"]
[EventRounds "7"]
[EventCountry "BRA"]
[SourceTitle "CBM 169 Extra"]
[Source "ChessBase"]
[SourceDate "2015.12.18"]
[SourceVersion "1"]
[SourceVersionDate "2015.12.18"]
[SourceQuality "1"]

1. e4 e6 2. d4 d5 3. e5 c5 4. c3 Nc6 5. Nf3 Qb6 6. Bd3 cxd4 7. cxd4 Bd7 8. 0-0 Nxd4 9. Nxd4 Qxd4 10. Nc3 Qxe5 11. Re1 Qd6 12. Qf3 Be7 13. Nb5 Bxb5 14. Bxb5+ Kf8 15. Bf4 Qb6 16. Bd7 Nf6 17. Be3 Qa6 18. Bxe6 fxe6 19. Bd4 Kf7 20. g4 h6 21. h4 Kg8 22. g5 hxg5 23. Re5 Rxh4 0-1

[Event "Manaus Region-ch sf"]
[Site "Manaus"]
[Date "2015.10.30"]
[Round "1"]
[White "Bernardino, Hugo Barros"]
[Black "Dantas, Caetano Melo"]
[Result "1-0"]
[WhiteElo "1943"]
[BlackElo "1689"]
[PlyCount "97"]
[EventDate "2015.10.30"]
[EventType "swiss"]
[EventRounds "7"]
[EventCountry "BRA"]
[SourceTitle "CBM 169 Extra"]
[Source "ChessBase"]
[SourceDate "2015.12.18"]
[SourceVersion "1"]
[SourceVersionDate "2015.12.18"]
[SourceQuality "1"]

1. e4 c5 2. c3 d6 3. d4 cxd4 4. cxd4 e6 5. Nf3 Nf6 6. Bd3 a6 7. 0-0 Be7 8. Nc3 Nc6 9. Re1 e5 10. d5 Nd4 11. Nxd4 exd4 12. Qa4+ Bd7 13. Qxd4 Qc7 14. Be3 0-0 15. Rac1 Qb8 16. f4 Ng4 17. h3 Nxe3 18. Qxe3 Re8 19. Nd1 Bf6 20. Qd2 Qa7+ 21. Kh1 Rac8 22. Ne3 Rxc1 23. Rxc1 h6 24. Nc4 Qc5 25. Ne5 Qa7 26. Nxd7 Bd4 27. e5 Be3 28. Qc2 Bxc1 29. Qxc1 b6 30. Qc6 Rd8 31. e6 fxe6 32. dxe6 Qa8 33. Qxa8 Rxa8 34. Bg6 d5 35. e7 d4 36. e8Q+ Rxe8 37. Bxe8 d3 38. Nxb6 Kf8 39. Ba4 Ke7 40. Nd5+ Kd6 41. Ne3 Kc5 42. Kg1 Kd4 43. Kf2 Ke4 44. g3 g5 45. fxg5 hxg5 46. h4 gxh4 47. gxh4 d2 48. h5 d1Q 49. Bxd1 1-0

[Event "Manaus Amazonense-ch"]
[Site "Manaus"]
[Date "2015.09.20"]
[Round "5"]
[White "De Lima, Paulo Isaac Assis"]
[Black "Bernardino, Hugo Barros"]
[Result "0-1"]
[WhiteElo "1863"]
[BlackElo "1926"]
[PlyCount "146"]
[EventDate "2015.09.12"]
[EventType "swiss"]
[EventRounds "7"]
[EventCountry "BRA"]
[SourceTitle "EXT 2016"]
[Source "ChessBase"]
[SourceDate "2015.10.08"]
[SourceVersion "1"]
[SourceVersionDate "2015.10.08"]
[SourceQuality "1"]

1. d4 e6 2. c4 d5 3. Nf3 c6 4. e3 Bd6 5. cxd5 exd5 6. Bd3 Nf6 7. h3 0-0 8. 0-0 Be6 9. Qc2 Nbd7 10. Nbd2 Re8 11. e4 dxe4 12. Nxe4 Nxe4 13. Bxe4 Nf6 14. Bd3 Bd5 15. Nh4 Be4 16. Nf5 Bc7 17. Bg5 Bxf5 18. Bxf5 h6 19. Bxf6 Qxf6 20. Rad1 Rad8 21. d5 Qd6 22. g3 cxd5 23. Rfe1 Bb6 24. Kg2 d4 25. Be4 Re7 26. Bf3 Rxe1 27. Rxe1 d3 28. Qa4 d2 29. Re8+ Kh7 30. Qe4+ g6 31. Rxd8 Qxd8 32. Qc4 Kg7 33. Qc3+ Kg8 34. Bd1 Qd5+ 35. Qf3 Qxf3+ 36. Kxf3 Bd4 37. Ke2 Bxb2 38. Kxd2 f5 39. Bf3 Bd4 40. Bd5+ Kg7 41. f3 b6 42. Kd3 Bf2 43. g4 fxg4 44. fxg4 Kf6 45. Ke4 Kg5 46. a4 Kh4 47. Be6 a6 48. Kf3 Bc5 49. Kg2 b5 50. axb5 axb5 51. Bf7 Kg5 52. Kf3 Kf6 53. Be8 b4 54. Ke4 b3 55. Ba4 b2 56. Bc2 g5 57. Kd5 Bb4 58. Bb1 Ke7 59. Bf5 Bc3 60. Bb1 Kd7 61. Bf5+ Kc7 62. Kc5 Bd2 63. Bb1 Be3+ 64. Kd5 Kb6 65. Ke6 Kc5 66. Kf7 Bf2 67. Kg6 Kd4 68. Kxh6 Bh4 69. Kg6 Kc3 70. Bf5 Kd2 71. Be4 Kc1 72. Bd3 b1Q 73. Bxb1 Kxb1 0-1

[Event "Manaus Amazonense-ch"]
[Site "Manaus"]
[Date "2015.09.12"]
[Round "1"]
[White "Silva, Miguel Zadorosny"]
[Black "Bernardino, Hugo Barros"]
[Result "0-1"]
[WhiteElo "1612"]
[BlackElo "1926"]
[PlyCount "58"]
[EventDate "2015.09.12"]
[EventType "swiss"]
[EventRounds "7"]
[EventCountry "BRA"]
[SourceTitle "EXT 2016"]
[Source "ChessBase"]
[SourceDate "2015.10.08"]
[SourceVersion "1"]
[SourceVersionDate "2015.10.08"]
[SourceQuality "1"]

1. d4 e6 2. c4 d5 3. e3 c6 4. Nf3 Bd6 5. c5 Bc7 6. Nc3 Nd7 7. Bd2 e5 8. Bc1 e4 9. Nd2 Qg5 10. f4 exf3 11. Nxf3 Qe7 12. Bd3 Ndf6 13. Qc2 Ng4 14. Qd2 f5 15. 0-0 N8f6 16. Be2 Ne4 17. Qc2 0-0 18. h3 Nxc3 19. Qxc3 Nf6 20. Nd2 f4 21. Rf3 Ne4 22. Nxe4 dxe4 23. Rf1 f3 24. gxf3 Qg5+ 25. Kh1 Qg3 26. f4 Qxh3+ 27. Kg1 Qg3+ 28. Kh1 Rf6 29. Qc4+ Be6 0-1

[Event "Santarem Regional Norte"]
[Site "Santarem"]
[Date "2015.09.06"]
[Round "3.3"]
[White "Leao, Flavio Sanchez"]
[Black "Bernardino, Hugo Barros"]
[Result "0-1"]
[WhiteElo "1839"]
[BlackElo "1926"]
[PlyCount "48"]
[EventDate "2015.09.05"]
[EventType "swiss"]
[EventRounds "6"]
[EventCountry "BRA"]
[SourceTitle "EXT 2022"]
[Source "ChessBase"]
[SourceDate "2021.10.06"]
[SourceVersion "1"]
[SourceVersionDate "2021.10.06"]
[SourceQuality "1"]

1. e4 e6 2. d4 d5 3. e5 c5 4. c3 Nc6 5. a3 Bd7 6. Nf3 f6 7. Bd3 Qc7 8. Bf4 f5 9. 0-0 cxd4 10. cxd4 Qb6 11. b4 Nxd4 12. Be3 Nxf3+ 13. Qxf3 Qd8 14. Nc3 Ne7 15. Nb5 Nc6 16. Bf4 a6 17. Nd6+ Bxd6 18. exd6 0-0 19. Qg3 Qf6 20. Rfe1 Rfe8 21. Be5 Nxe5 22. Rxe5 f4 23. Qg5 Qxg5 24. Rxg5 Rac8 0-1

[Event "Cuiaba Contaud op"]
[Site "Cuiaba"]
[Date "2015.08.02"]
[Round "6"]
[White "Bernardino, Hugo Barros"]
[Black "Abrantes, Tiago Garrido"]
[Result "0-1"]
[WhiteElo "1947"]
[BlackElo "2166"]
[PlyCount "94"]
[EventDate "2015.07.31"]
[EventType "swiss"]
[EventRounds "6"]
[EventCountry "BRA"]
[SourceTitle "EXT 2016"]
[Source "ChessBase"]
[SourceDate "2015.10.08"]
[SourceVersion "1"]
[SourceVersionDate "2015.10.08"]
[SourceQuality "1"]

1. e4 c5 2. c3 Nf6 3. e5 Nd5 4. d4 cxd4 5. cxd4 d6 6. Nf3 Nc6 7. Bc4 e6 8. Bxd5 exd5 9. Nc3 dxe5 10. dxe5 d4 11. Ne2 Bc5 12. Nf4 0-0 13. 0-0 Bg4 14. Nd3 Bb6 15. b4 Re8 16. Re1 a6 17. a3 Qd7 18. h3 Bh5 19. Bb2 Rad8 20. Rc1 Bg6 21. Nc5 Bxc5 22. Rxc5 h6 23. Qc1 d3 24. Rd1 Qe6 25. Nh4 Bh7 26. f4 Ne7 27. g4 Be4 28. Qe3 Qb3 29. Rd2 Bc6 30. Rc3 Qd5 31. Ng2 Bb5 32. a4 Bc4 33. Qc5 Rc8 34. Qf2 Qe4 35. Ne3 b5 36. a5 Nd5 37. Nxd5 Bxd5 38. Kh2 Rxc3 39. Bxc3 Rc8 40. Bd4 Rc1 41. Kg3 Re1 42. Bc5 Bb7 43. Kh4 Re2 44. Rxe2 dxe2 45. Qe1 Qf3 46. Qf2 Qd3 47. Qe1 Bg2 0-1

[Event "Cuiaba Contaud op"]
[Site "Cuiaba"]
[Date "2015.08.02"]
[Round "5"]
[White "Pottker, Gustavo Sartori"]
[Black "Bernardino, Hugo Barros"]
[Result "1/2-1/2"]
[WhiteElo "2131"]
[BlackElo "1947"]
[PlyCount "108"]
[EventDate "2015.07.31"]
[EventType "swiss"]
[EventRounds "6"]
[EventCountry "BRA"]
[SourceTitle "EXT 2016"]
[Source "ChessBase"]
[SourceDate "2015.10.08"]
[SourceVersion "1"]
[SourceVersionDate "2015.10.08"]
[SourceQuality "1"]

1. d4 e6 2. c4 d5 3. Nf3 c6 4. Nc3 dxc4 5. a4 Bb4 6. Ne5 b5 7. e3 Nf6 8. Bd2 Nd5 9. axb5 Bxc3 10. Bxc3 cxb5 11. Ba5 Qd6 12. b3 Nc6 13. Nxc6 Qxc6 14. bxc4 bxc4 15. Qa4 Qxa4 16. Rxa4 Bd7 17. Rxc4 Rb8 18. Rc1 0-0 19. Bc4 Bb5 20. Kd2 Bxc4 21. Rxc4 Rb2+ 22. Rc2 Rfb8 23. Rhc1 Kf8 24. e4 Ne7 25. Bc3 Rxc2+ 26. Kxc2 f5 27. f3 Rb6 28. Ra1 a6 29. Ba5 Rc6+ 30. Kd3 Kf7 31. Rb1 Kg6 32. Rb7 Ng8 33. d5 fxe4+ 34. fxe4 exd5 35. exd5 Rd6 36. Kc4 Nf6 37. Rb6 Rxb6 38. Bxb6 Nd7 39. Ba5 Kf5 40. Kd4 g5 41. h3 g4 42. hxg4+ Kxg4 43. d6 Kf5 44. Kd5 Kf6 45. Bd8+ Kf7 46. g4 Ke8 47. Ba5 Nf8 48. Kc6 Nd7 49. Kc7 Nf8 50. Kc6 Nd7 51. Kc7 Nf8 52. Kc8 Nd7 53. Bd8 Nc5 54. Bc7 Nd7 1/2-1/2

[Event "Amazonense-ch sf"]
[Site "Manaus"]
[Date "2015.07.25"]
[Round "4.3"]
[White "Bernardino, Hugo Barros"]
[Black "Farias, Sergio Luiz Cardoso"]
[Result "1-0"]
[WhiteElo "1947"]
[BlackElo "1615"]
[PlyCount "73"]
[EventDate "2015.07.18"]
[EventType "swiss"]
[EventRounds "6"]
[EventCountry "BRA"]
[SourceTitle "EXT 2022"]
[Source "ChessBase"]
[SourceDate "2021.10.06"]
[SourceVersion "1"]
[SourceVersionDate "2021.10.06"]
[SourceQuality "1"]

1. e4 d5 2. exd5 Qxd5 3. Nc3 Qa5 4. d4 c6 5. Bd2 Nf6 6. Bd3 Bg4 7. f3 Bh5 8. Nge2 Nbd7 9. 0-0 e6 10. Rb1 Qc7 11. Ne4 Nd5 12. a3 Be7 13. c4 N5f6 14. Bf4 e5 15. Bg3 Nxe4 16. fxe4 f6 17. b4 Qd8 18. d5 0-0 19. c5 cxd5 20. exd5 Qc8 21. Qc2 h6 22. Nc3 Nxc5 23. bxc5 Bxc5+ 24. Kh1 Bxa3 25. Qb3 Bc5 26. Qxb7 Bf7 27. Qc6 Bb6 28. Bf2 Rd8 29. Be4 f5 30. Bxb6 Qxc6 31. dxc6 fxe4 32. Bxd8 Rxd8 33. c7 Rc8 34. Rb8 Be6 35. Nxe4 Kh7 36. Rxc8 Bxc8 37. Rf8 1-0

[Event "Manaus Amazonas zt"]
[Site "Manaus"]
[Date "2015.05.31"]
[Round "5"]
[White "Rodrigues, Giorgy Friedman B"]
[Black "Bernardino, Hugo Barros"]
[Result "1-0"]
[WhiteElo "2079"]
[BlackElo "1954"]
[PlyCount "45"]
[EventDate "2015.05.23"]
[EventType "swiss"]
[EventRounds "6"]
[EventCountry "BRA"]
[SourceTitle "EXT 2016"]
[Source "ChessBase"]
[SourceDate "2015.10.08"]
[SourceVersion "1"]
[SourceVersionDate "2015.10.08"]
[SourceQuality "1"]

1. e4 e6 2. d4 d5 3. Nd2 Nf6 4. e5 Nfd7 5. Bd3 c5 6. c3 Nc6 7. Ngf3 Qb6 8. 0-0 cxd4 9. cxd4 Nxd4 10. Nxd4 Qxd4 11. Nf3 Qb6 12. Qa4 Qb4 13. Qc2 g6 14. Bd2 Qc5 15. Qa4 b5 16. Bxb5 Rb8 17. Rac1 Rxb5 18. Rxc5 Rxc5 19. Qxa7 Rc6 20. Qa8 Rc4 21. Rc1 Nb6 22. Qb8 Rxc1+ 23. Bxc1 1-0

[Event "Manaus Amazonas zt"]
[Site "Manaus"]
[Date "2015.05.24"]
[Round "2"]
[White "Bernardino, Hugo Barros"]
[Black "Silva, Leandro da Nobrega"]
[Result "1-0"]
[WhiteElo "1954"]
[BlackElo "1649"]
[PlyCount "125"]
[EventDate "2015.05.23"]
[EventType "swiss"]
[EventRounds "6"]
[EventCountry "BRA"]
[SourceTitle "EXT 2016"]
[Source "ChessBase"]
[SourceDate "2015.10.08"]
[SourceVersion "1"]
[SourceVersionDate "2015.10.08"]
[SourceQuality "1"]

1. e4 e5 2. Nc3 Nf6 3. f4 d6 4. Nf3 Nc6 5. Bb5 Bd7 6. d3 Bg4 7. Bxc6+ bxc6 8. fxe5 dxe5 9. Bg5 Bc5 10. h3 Bxf3 11. Qxf3 h6 12. Bxf6 Qxf6 13. Qxf6 gxf6 14. Na4 Be3 15. Ke2 Bf4 16. Rag1 Rg8 17. Kf2 h5 18. g3 Bh6 19. Rf1 Ke7 20. Rhg1 Rg6 21. Ke2 Rag8 22. Rf3 Bf4 23. Kf2 h4 24. g4 Rb8 25. c3 a5 26. Ke2 Rgg8 27. d4 Rgd8 28. Rd1 Bg5 29. b3 exd4 30. Rxd4 Rxd4 31. cxd4 Rb4 32. Kd3 Kd6 33. Rf5 Rb5 34. Kc4 Rb4+ 35. Kd3 Rb5 36. e5+ fxe5 37. Rxg5 e4+ 38. Kxe4 Rxg5 39. Nc5 Ke7 40. Nd3 f6 41. Ne1 Rg8 42. Nf3 Ke6 43. Nxh4 Re8 44. Nf3 Kf7+ 45. Kd3 Kg6 46. h4 f5 47. Ne5+ Kf6 48. gxf5 Kxf5 49. Nxc6 Rh8 50. Nxa5 Rxh4 51. a4 Ke6 52. Kc4 Kd7 53. b4 Rh1 54. b5 Rc1+ 55. Kb4 Kd6 56. Nb3 Rf1 57. a5 Rf8 58. a6 Ra8 59. Na5 Kd5 60. Nc6 Kd6 61. Ka5 Kd7 62. a7 Kc8 63. Ka6 1-0

[Event "Recife Regiao op"]
[Site "Recife"]
[Date "2014.10.30"]
[Round "1"]
[White "Bernardino, Hugo Barros"]
[Black "Andrade, Roberto Luiz Costa"]
[Result "1/2-1/2"]
[WhiteElo "1964"]
[BlackElo "2200"]
[PlyCount "81"]
[EventDate "2014.10.30"]
[EventType "swiss"]
[EventRounds "7"]
[EventCountry "BRA"]
[SourceTitle "EXT 2015"]
[Source "ChessBase"]
[SourceDate "2014.11.20"]
[SourceVersion "1"]
[SourceVersionDate "2014.11.20"]
[SourceQuality "1"]

1. e4 c5 2. c3 a6 3. d4 cxd4 4. cxd4 d5 5. exd5 Nf6 6. Nc3 Nxd5 7. Bc4 e6 8. Nf3 Bb4 9. Bd2 Nc6 10. Nxd5 exd5 11. Bxb4 Nxb4 12. Qa4+ Nc6 13. Be2 0-0 14. 0-0 Re8 15. Rfe1 Qb6 16. Qc2 g6 17. Qc3 Bg4 18. h3 Bf5 19. a3 Rac8 20. Qd2 Be4 21. b4 Kg7 22. Rad1 f6 23. Qf4 Qc7 24. Qxc7+ Rxc7 25. Rc1 Rec8 26. Kf1 Bxf3 27. Bxf3 Nxd4 28. Rxc7+ Rxc7 29. Bxd5 Nc2 30. Re6 Nd4 31. Re4 Nc2 32. Re6 Nd4 33. Re4 Nb5 34. Re6 Rd7 35. Bf3 Nd4 36. Re3 Kf7 37. Rd3 b5 38. Bb7 Rd6 39. Bxa6 Ke7 40. Bb7 Kd7 41. g4 1/2-1/2

[Event "Amazonas-ch final"]
[Site "Manaus"]
[Date "2014.08.24"]
[Round "4"]
[White "Bernardino, Hugo Barros"]
[Black "Souza Neves, Andrey Marcelo"]
[Result "0-1"]
[WhiteElo "1914"]
[BlackElo "2134"]
[PlyCount "86"]
[EventDate "2014.08.16"]
[EventType "swiss"]
[EventRounds "9"]
[EventCountry "BRA"]
[SourceTitle "EXT 2018"]
[Source "ChessBase"]
[SourceDate "2017.10.13"]
[SourceVersion "1"]
[SourceVersionDate "2017.10.13"]
[SourceQuality "1"]

1. e4 c5 2. Nc3 Nc6 3. f4 e6 4. Bc4 a6 5. a3 b5 6. Ba2 b4 7. axb4 Nxb4 8. d4 cxd4 9. Nce2 Bb7 10. Nxd4 Bxe4 11. Ngf3 Bc5 12. Ng5 Nf6 13. Qe2 Bxd4 14. Nxe4 Nxe4 15. Qxe4 d5 16. Qe2 Qc7 17. Bb3 0-0 18. Ra4 a5 19. Qd2 Bb6 20. c3 Na6 21. Bc2 Nc5 22. Rd4 Ne4 23. Bxe4 Bxd4 24. Qxd4 dxe4 25. Qxe4 Qb6 26. Ke2 Rad8 27. Qc2 Qb5+ 28. Kf2 Qd3 29. Qxd3 Rxd3 30. Ke2 Rd7 31. Be3 Rb8 32. Rb1 f6 33. b4 axb4 34. cxb4 Rd5 35. Kf3 Kf7 36. g4 g6 37. h4 h5 38. Rc1 hxg4+ 39. Kxg4 Rxb4 40. Rc7+ Ke8 41. Rg7 Rd3 42. Bc5 Rc4 43. Be7 Rcc3 0-1

[Event "Manaus op 1st"]
[Site "Manaus"]
[Date "2014.08.10"]
[Round "4.2"]
[White "Bernardino, Hugo Barros"]
[Black "Zanette, Edgard Vinicius"]
[Result "0-1"]
[WhiteElo "1914"]
[BlackElo "2165"]
[PlyCount "48"]
[EventDate "2014.08.08"]
[EventType "swiss"]
[EventRounds "4"]
[EventCountry "BRA"]
[SourceTitle "EXT 2022"]
[Source "ChessBase"]
[SourceDate "2021.10.06"]
[SourceVersion "1"]
[SourceVersionDate "2021.10.06"]
[SourceQuality "1"]

1. e4 e5 2. Nc3 Nf6 3. f4 d5 4. fxe5 Nxe4 5. Nf3 Bg4 6. Qe2 Nc5 7. d4 Ne6 8. Qb5+ c6 9. Qxb7 Nd7 10. Qxc6 Bxf3 11. gxf3 Nxd4 12. Qa4 Bb4 13. Kf2 Bc5 14. Be3 0-0 15. Nxd5 Nxe5 16. Bxd4 Qxd5 17. Bxc5 Qxc5+ 18. Kg2 Rad8 19. Re1 Rd4 20. Qb3 Ng6 21. Bd3 Nh4+ 22. Kg3 Qg5+ 23. Kf2 Qg2+ 24. Ke3 Nf5+ 0-1

[Event "Manaus op 1st"]
[Site "Manaus"]
[Date "2014.08.09"]
[Round "3.5"]
[White "Farias, Igor Borge Cardoso"]
[Black "Bernardino, Hugo Barros"]
[Result "0-1"]
[WhiteElo "1721"]
[BlackElo "1914"]
[PlyCount "74"]
[EventDate "2014.08.08"]
[EventType "swiss"]
[EventRounds "4"]
[EventCountry "BRA"]
[SourceTitle "EXT 2022"]
[Source "ChessBase"]
[SourceDate "2021.10.06"]
[SourceVersion "1"]
[SourceVersionDate "2021.10.06"]
[SourceQuality "1"]

1. c4 e6 2. g3 f5 3. Bg2 Nf6 4. Nf3 Be7 5. 0-0 0-0 6. d4 d5 7. cxd5 exd5 8. Nc3 c6 9. Bf4 h6 10. Ne5 Qe8 11. Nd3 Nbd7 12. h3 g5 13. Be5 Nxe5 14. Nxe5 Nh5 15. e3 Bd6 16. Kh2 f4 17. exf4 gxf4 18. Re1 fxg3+ 19. fxg3 Rf2 20. Qc1 Bxe5 21. Rxe5 Qg6 22. Qe3 Rxb2 23. Re8+ Kh7 24. Re7+ Ng7 25. Rf1 Bxh3 26. Rff7 Rg8 27. Ne2 Bxg2 28. Kxg2 Rxa2 29. Re6 Qg5 30. Qd3+ Kh8 31. Kf1 Qh5 32. Ke1 Qh1+ 33. Rf1 Ra1+ 34. Nc1 Rxc1+ 35. Kd2 Rxf1 36. Qxf1 Qh5 37. Qf6 Kh7 0-1

[Event "Amazonas-ch final"]
[Site "Manaus"]
[Date "2013.11.09"]
[Round "1"]
[White "Bernardino, Hugo Barros"]
[Black "De Pontes e Souza, Jose Geraldo"]
[Result "0-1"]
[WhiteElo "1881"]
[BlackElo "1867"]
[PlyCount "74"]
[EventDate "2013.11.09"]
[EventType "tourn"]
[EventRounds "9"]
[EventCountry "BRA"]
[SourceTitle "EXT 2018"]
[Source "ChessBase"]
[SourceDate "2017.10.13"]
[SourceVersion "1"]
[SourceVersionDate "2017.10.13"]
[SourceQuality "1"]

1. d4 Nf6 2. Nf3 e6 3. Bf4 c5 4. c3 Nc6 5. e3 Be7 6. Bd3 0-0 7. 0-0 Nh5 8. Bg3 Nxg3 9. hxg3 b6 10. Nbd2 d5 11. Qa4 Bb7 12. Bb5 Qc7 13. dxc5 bxc5 14. b4 a6 15. Bxc6 Bxc6 16. Qc2 f5 17. Rfc1 c4 18. Nd4 Bd7 19. f4 Rf6 20. N2f3 Rg6 21. Kf2 Bd6 22. a4 Rf8 23. Rcb1 e5 24. Ne2 exf4 25. gxf4 Re8 26. Qd2 Bc6 27. b5 axb5 28. axb5 Bb7 29. Ned4 Bc5 30. Nh4 Rf6 31. Nhxf5 Rxf5 32. Nxf5 Qxf4+ 33. Kg1 Qxf5 34. Rf1 Bxe3+ 35. Qxe3 Qxf1+ 36. Kxf1 Rxe3 37. Kf2 Re7 0-1

[Event "Amazonas zt"]
[Site "Manaus"]
[Date "2013.06.15"]
[Round "3"]
[White "Bernardino, Hugo Barros"]
[Black "De Souza Andrade, Artur Diego"]
[Result "1/2-1/2"]
[WhiteElo "1856"]
[BlackElo "1709"]
[PlyCount "58"]
[EventDate "2013.06.09"]
[EventType "swiss"]
[EventRounds "6"]
[EventCountry "BRA"]
[SourceTitle "EXT 2014"]
[Source "ChessBase"]
[SourceDate "2013.11.20"]
[SourceVersion "1"]
[SourceVersionDate "2013.11.20"]
[SourceQuality "1"]

1. Nf3 e6 2. g3 d5 3. Bg2 Nf6 4. 0-0 c5 5. d3 Be7 6. Nbd2 Nc6 7. Re1 b6 8. e4 0-0 9. h4 b5 10. e5 Nd7 11. Nf1 f6 12. exf6 Nxf6 13. Bh3 Qd6 14. Bf4 e5 15. Nxe5 Bxh3 16. Nxc6 Qxc6 17. Rxe7 d4 18. f3 Nd5 19. Re2 Nxf4 20. gxf4 Rxf4 21. Nh2 Qg6+ 22. Kh1 Qh5 23. Qd2 Rxh4 24. Rg1 Bd7 25. Rg5 Qxf3+ 26. Kg1 Qf7 27. Qe1 Rh6 28. Re7 Qf4 29. Rgxg7+ Kh8 1/2-1/2

[Event "Amazonas zt"]
[Site "Manaus"]
[Date "2013.06.15"]
[Round "2"]
[White "De Oliveira, Victor Gabriel C"]
[Black "Bernardino, Hugo Barros"]
[Result "1-0"]
[WhiteElo "2052"]
[BlackElo "1856"]
[PlyCount "57"]
[EventDate "2013.06.09"]
[EventType "swiss"]
[EventRounds "6"]
[EventCountry "BRA"]
[SourceTitle "EXT 2014"]
[Source "ChessBase"]
[SourceDate "2013.11.20"]
[SourceVersion "1"]
[SourceVersionDate "2013.11.20"]
[SourceQuality "1"]

1. e4 d5 2. exd5 Qxd5 3. Nf3 Bg4 4. Be2 Nf6 5. Nc3 Qa5 6. d4 c6 7. 0-0 e6 8. Ne5 Bxe2 9. Qxe2 Nbd7 10. f4 Bb4 11. Nc4 Qc7 12. f5 Bxc3 13. bxc3 0-0 14. Bf4 e5 15. dxe5 Nd5 16. Bg3 Rae8 17. e6 Qd8 18. Nd6 Re7 19. c4 fxe6 20. cxd5 exd5 21. Qf2 Ne5 22. Nxb7 Qe8 23. Nc5 Ng4 24. Qd4 Ne3 25. Rf2 Nxf5 26. Qf4 h5 27. Raf1 Ref7 28. Qe5 Re7 29. Rxf5 1-0